Математическое моделирование многокомпонентного процесса риформинга бензинов в реакторах с движущимся слоем катализатора; Нефтепереработка - 2008

Podrobná bibliografie
Parent link:Нефтепереработка - 2008.— 2008.— С. 271-272
Další autoři: Гынгазова М. С. Мария Сергеевна, Кравцов А. В. Анатолий Васильевич, Иванчина Э. Д. Эмилия Дмитриевна, Молотов К. В.
Shrnutí:На основе математической модели была разработана компьютерная программа, предназначенная для анализа и прогнозирования технологических показателей действующего производства, уточнения и расчета материального баланса процессов в зависимости от планируемой загрузки установки. С применением моделирующей системы возможна экономическая оптимизация режима эксплуатации установок путем рассмотрения и расчета различных вариантов процесса риформинга бензинов (риформинг со стационарным слоем катализатора, риформинг с непрерывной регенерацией катализатора, комбинированный вариант дуалформинг), повышение их производительности. Для установки Л-35-11/300 было показано, что переход на технологию с непрерывной регенерацией катализатора приведет к увеличению октанового числа риформата в среднем на 7 пунктов, выхода риформата - на 8%, интегрального показателя октанотонн - на 10-11 пунктов по сравнению с действующей технологией риформинга со стационарным слоем катализатора.
В фонде НТБ ТПУ отсутствует
Jazyk:ruština
Vydáno: 2008
Témata:
Médium: Kapitola
KOHA link:https://koha.lib.tpu.ru/cgi-bin/koha/opac-detail.pl?biblionumber=597806

MARC

LEADER 00000naa0a2200000 4500
001 597806
005 20250212165343.0
035 |a (RuTPU)RU\TPU\tpu\21183 
035 |a RU\TPU\tpu\16387 
090 |a 597806 
100 |a 20120503d2008 k y0rusy50 ca 
101 0 |a rus 
102 |a RU 
200 1 |a Математическое моделирование многокомпонентного процесса риформинга бензинов в реакторах с движущимся слоем катализатора  |f М. С. Гынгазова [и др.] 
330 |a На основе математической модели была разработана компьютерная программа, предназначенная для анализа и прогнозирования технологических показателей действующего производства, уточнения и расчета материального баланса процессов в зависимости от планируемой загрузки установки. С применением моделирующей системы возможна экономическая оптимизация режима эксплуатации установок путем рассмотрения и расчета различных вариантов процесса риформинга бензинов (риформинг со стационарным слоем катализатора, риформинг с непрерывной регенерацией катализатора, комбинированный вариант дуалформинг), повышение их производительности. Для установки Л-35-11/300 было показано, что переход на технологию с непрерывной регенерацией катализатора приведет к увеличению октанового числа риформата в среднем на 7 пунктов, выхода риформата - на 8%, интегрального показателя октанотонн - на 10-11 пунктов по сравнению с действующей технологией риформинга со стационарным слоем катализатора. 
333 |a В фонде НТБ ТПУ отсутствует 
463 |t Нефтепереработка - 2008  |o материалы Международной научно-практической конференции, Уфа, 21 мая, 2008 г.  |v С. 271-272  |d 2008 
610 1 |a труды учёных ТПУ 
701 1 |a Гынгазова  |b М. С.  |c химик-технолог  |c ассистент кафедры химической технологии топлива и химической кибернетики Томского политехнического университета  |g Мария Сергеевна  |3 (RuTPU)RU\TPU\pers\28433 
701 1 |a Кравцов  |b А. В.  |c химик-технолог  |c профессор-консультант Томского политехнического университета, доктор технических наук  |f 1938-  |g Анатолий Васильевич  |3 (RuTPU)RU\TPU\pers\19827 
701 1 |a Иванчина  |b Э. Д.  |c химик  |c профессор Томского политехнического университета, доктор технических наук  |f 1951-  |g Эмилия Дмитриевна  |3 (RuTPU)RU\TPU\pers\24966 
701 1 |a Молотов  |b К. В. 
801 1 |a RU  |b 63413507  |c 20090805  |g PSBO 
801 2 |a RU  |b 63413507  |c 20140521  |g RCR 
942 |c BK